Memòria 1996 / Biblioteca General Administrativa, Punt d'Informació Oficial
Descripción Física:
[26] f. ; 30 cm
MARC
| LEADER | 00000nam a2200000Ia 4500 | ||
|---|---|---|---|
| 001 | 11919 | ||
| 003 | BGR | ||
| 005 | 20260324175239.0 | ||
| 008 | 160829s9999 xx 000 0 cat d | ||
| 080 | |a FU-28-3 | ||
| 110 | 1 | |a Barcelona (Catalunya : Província). |b Diputació |9 52408 | |
| 245 | |a Memòria 1996 / Biblioteca General Administrativa, Punt d'Informació Oficial | ||
| 260 | |a Barcelona : |b Diputació de Barcelona, [1997] | ||
| 300 | |a [26] f. ; |c 30 cm | ||
| 650 | |a Barcelona. Diputació. Biblioteca General Administrativa. Punt d'Informació Oficial |x Memòries |9 23035 | ||
| 901 | |a Arxiu | ||
| 942 | |n 1 |2 udc |c MON | ||
| 952 | |0 0 |1 0 |4 0 |6 FU283 |7 1 |9 42484 |a Arxiu |b Arxiu |d 2016-12-01 |l 0 |o FU-28-3 |p 11919 |r 2016-12-01 00:00:00 |w 2016-12-01 |y ARXIU | ||
| 999 | |c 44989 |d 44989 | ||